000 00316nam a22001337a 4500
008 181029b xxu||||| |||| 00| 0 eng d
020 _a9780393912548
041 _aeng
080 _29th
_a820
100 _a21
101 _aGJL
245 _aThe Norton Anthology English Literature
_cGreenbalt,s
942 _2udc
_cBK
999 _c50974
_d50974